[Event "Manhem Chessweek IM"]
[Site "www.ssmanhem.se"]
[Date "2013.08.14"]
[Round "6"]
[White "Hultin, Johan"]
[Black "Fries Nielsen, Jens Ove"]
[Result "0-1"]
[WhiteElo "2287"]
[BlackElo "2376"]
[PlyCount "92"]
[EventDate "2013.08.10"]

1. d4 g6 2. e4 d5 3. exd5 Qxd5 4. Nc3 Qa5 5. Bc4 Bg7 6. Nf3 Nf6 7. Bd2 Qb6 8.
Qe2 O-O 9. O-O-O Bg4 10. Be3 Nbd7 11. h3 Bxf3 12. Qxf3 c5 13. Rhe1 Rac8 14. g4
cxd4 15. Bxd4 Qa5 16. Bb3 e5 17. Bxa7 Qxa7 18. g5 e4 19. Qe3 Qxe3+ 20. fxe3 Nc5
21. gxf6 Bxf6 22. Nd5 Bh4 23. Re2 Kg7 24. Bc4 h5 25. Bb5 Bg3 26. b4 Ne6 27. a4
h4 28. c4 Ng5 29. Rh1 Rfd8 30. Rc2 Rd6 31. a5 Rcd8 32. Kb2 f5 33. Kb3 Nf3 34.
Ka4 g5 35. Nc7 Rd1 36. Ne6+ Kf6 37. Nxd8 Rxh1 38. Nxb7 g4 39. Ra2 gxh3 40. a6
Bb8 41. Na5 Rg1 42. Nc6 h2 43. Rxh2 Bxh2 44. a7 Ra1+ 45. Kb3 Rxa7 46. Nxa7 h3
0-1

[Event "Manhem Chessweek IM"]
[Site "www.ssmanhem.se"]
[Date "2013.08.14"]
[Round "7"]
[White "Westerberg, Jonathan"]
[Black "Carstensen, Jacob"]
[Result "1-0"]
[WhiteElo "2413"]
[BlackElo "2379"]
[PlyCount "67"]
[EventDate "2013.08.10"]

1. c4 e5 2. Nc3 Nf6 3. Nf3 Nc6 4. e3 e4 5. Ng5 Qe7 6. d3 exd3 7. Bxd3 h6 8. Nf3
d6 9. Be2 g6 10. O-O Bg7 11. Nd4 Bd7 12. b3 O-O 13. Bb2 Nxd4 14. Qxd4 Bc6 15.
Nd5 Bxd5 16. cxd5 Ne8 17. Qd2 Bxb2 18. Qxb2 Nf6 19. Bf3 Nd7 20. Rac1 Ne5 21.
Be2 c5 22. dxc6 bxc6 23. Qd2 c5 24. Rfd1 Rfd8 25. Qd5 Qe6 26. f4 Nc6 27. Qxc6
Qxe3+ 28. Kf1 Qxf4+ 29. Qf3 Qxh2 30. Rc4 a5 31. Qf6 Re8 32. Rh4 Qg3 33. Rxh6 a4
34. Rh8# 1-0

[Event "Manhem Chessweek IM"]
[Site "www.ssmanhem.se"]
[Date "2013.08.14"]
[Round "7"]
[White "Fries Nielsen, Jens Ove"]
[Black "Ziegler, Ari"]
[Result "1-0"]
[WhiteElo "2376"]
[BlackElo "2346"]
[PlyCount "79"]
[EventDate "2013.08.10"]

1. Nf3 Nf6 2. d3 c5 3. c3 Nc6 4. a3 d6 5. b4 b6 6. e4 g6 7. Nbd2 Bg7 8. d4 O-O
9. b5 Na5 10. Bd3 cxd4 11. cxd4 e5 12. O-O exd4 13. Bb2 Bb7 14. Bxd4 Re8 15.
Re1 Rc8 16. Rb1 Nd7 17. Bxg7 Kxg7 18. Rb4 Ne5 19. Bf1 Rc3 20. Qa1 Rc5 21. Nd4
Kg8 22. f4 Ng4 23. N4f3 Qf6 24. Rd4 Rec8 25. h3 Nh6 26. e5 dxe5 27. fxe5 Qe7
28. e6 fxe6 29. Qa2 Re8 30. Ne4 Rd5 31. Nf2 Nf5 32. Rde4 Ng7 33. Ne5 Qd8 34.
Nfg4 Nf5 35. Nc6 Bxc6 36. bxc6 Rd2 37. Qa1 Rf8 38. Qc3 Qd5 39. c7 Nd6 40. Nh6#
1-0

[Event "Manhem Chessweek IM"]
[Site "www.ssmanhem.se"]
[Date "2013.08.14"]
[Round "7"]
[White "Johansson, Linus"]
[Black "Hultin, Johan"]
[Result "0-1"]
[WhiteElo "2345"]
[BlackElo "2287"]
[PlyCount "78"]
[EventDate "2013.08.10"]

1. d4 d5 2. c4 c6 3. cxd5 cxd5 4. Nc3 Nf6 5. Bf4 Nc6 6. e3 a6 7. Rc1 Bg4 8. f3
Bd7 9. Bd3 e6 10. g4 Be7 11. Nge2 O-O 12. h4 Ne8 13. h5 Bd6 14. Bb1 Bxf4 15.
Nxf4 Nd6 16. Qd3 f5 17. a3 Na5 18. Rc2 Rc8 19. O-O Qe7 20. Rg2 Bb5 21. Nxb5
axb5 22. Qe2 Nac4 23. e4 fxe4 24. fxe4 dxe4 25. Bxe4 Qg5 26. Qf3 Rf6 27. Bb1
Rcf8 28. Qd3 g6 29. hxg6 Rxf4 30. gxh7+ Kh8 31. Re1 Rxg4 32. Qh3 Rxg2+ 33. Qxg2
Qf6 34. Qg3 Qxd4+ 35. Kh2 Nd2 36. Kh1 Nxb1 37. Rg1 Qe4+ 38. Rg2 Rf1+ 39. Kh2
Qxh7+ 0-1

[Event "Manhem Chessweek IM"]
[Site "www.ssmanhem.se"]
[Date "2013.08.15"]
[Round "8"]
[White "Carstensen, Jacob"]
[Black "Zelbel, Patrick"]
[Result "1/2-1/2"]
[WhiteElo "2379"]
[BlackElo "2393"]
[PlyCount "59"]
[EventDate "2013.08.10"]

1. d4 Nf6 2. c4 e6 3. Nf3 b6 4. g3 Ba6 5. Qa4 Bb7 6. Bg2 c5 7. dxc5 bxc5 8. O-O
Be7 9. Nc3 O-O 10. Bf4 d6 11. Rfd1 Qb6 12. Rab1 Nbd7 13. b4 Bc6 14. b5 Bb7 15.
Qc2 h6 16. a4 Nh5 17. a5 Qxa5 18. Bxd6 Bxd6 19. Rxd6 Nhf6 20. Nd2 Qc7 21. Bxb7
Qxd6 22. Bxa8 Rxa8 23. Nb3 Qc7 24. Ne4 Nxe4 25. Qxe4 Rd8 26. Ra1 Nb6 27. e3 Rd6
28. h4 f5 29. Qc2 Rd7 30. Qc3 1/2-1/2

[Event "Manhem Chessweek IM"]
[Site "www.ssmanhem.se"]
[Date "2013.08.15"]
[Round "8"]
[White "Kumar, Rahul"]
[Black "Fries Nielsen, Jens Ove"]
[Result "1/2-1/2"]
[WhiteElo "2194"]
[BlackElo "2376"]
[PlyCount "82"]
[EventDate "2013.08.10"]

1. Nf3 Nf6 2. d4 d6 3. Bf4 c5 4. dxc5 Qa5+ 5. Nc3 Qxc5 6. e4 Nbd7 7. Bd3 a6 8.
a4 g6 9. Qd2 Bg7 10. O-O b6 11. Ne2 Bb7 12. Ng3 h5 13. h4 Ng4 14. c3 e5 15. Bg5
f6 16. b4 Qc7 17. Qa2 fxg5 18. Qe6+ Kf8 19. Nxg5 Ndf6 20. Qxf6+ Nxf6 21. Ne6+
Kf7 22. Nxc7 Rac8 23. Nd5 Nxd5 24. exd5 Rxc3 25. Be4 Rhc8 26. Bf3 R3c4 27. Rab1
Bh6 28. Ne4 Ke7 29. Rfd1 Rf8 30. Ng3 Rxh4 31. Ne4 Rhf4 32. b5 Rb8 33. a5 axb5
34. Rxb5 bxa5 35. Ra1 Kd7 36. Raxa5 g5 37. Ra7 Kc7 38. Nxd6 Kxd6 39. Rb6+ Kc5
40. Rxh6 e4 41. Be2 Bxd5 1/2-1/2

[Event "Manhem Chessweek IM"]
[Site "www.ssmanhem.se"]
[Date "2013.08.09"]
[Round "9"]
[White "Rydström, Tom"]
[Black "Hultin, Johan"]
[Result "1/2-1/2"]
[WhiteElo "2185"]
[BlackElo "2287"]
[PlyCount "166"]
[EventDate "2013.08.10"]

1. e4 c5 2. Nf3 Nc6 3. d4 cxd4 4. Nxd4 g6 5. Nc3 Bg7 6. Be3 Nf6 7. Bc4 O-O 8.
Bb3 Qa5 9. f3 d5 10. exd5 Nb4 11. Qd2 Rd8 12. O-O-O Rd7 13. Kb1 b6 14. a3 Nbxd5
15. Nxd5 Nxd5 16. Qxa5 bxa5 17. Bxd5 Rxd5 18. Nc6 Rd7 19. Rxd7 Bxd7 20. Nxe7+
Kf8 21. Bc5 Ke8 22. Nd5 Kd8 23. Rd1 Rb8 24. Bd4 Bxd4 25. Rxd4 Be6 26. Nf4+ Ke7
27. Re4 Rb5 28. c4 Rg5 29. g4 a4 30. h4 Rc5 31. Nxe6 fxe6 32. Kc2 a5 33. Kc3
Kd6 34. Kd4 e5+ 35. Ke3 h6 36. f4 exf4+ 37. Rxf4 g5 38. hxg5 hxg5 39. Rf6+ Ke7
40. Kd4 Rc8 41. Rf5 Rb8 42. Rxg5 Rxb2 43. Rxa5 Rg2 44. Rxa4 Rxg4+ 45. Kc5 Kd7
46. Kb6 Rg6+ 47. Kb5 Kc7 48. Ra7+ Kb8 49. Rf7 Rg3 50. a4 Rb3+ 51. Kc6 Ra3 52.
c5 Rxa4 53. Rf8+ Ka7 54. Kc7 Rh4 55. Rf7 Rh8 56. c6 Rg8 57. Re7 Rh8 58. Rd7 Rg8
59. Re7 Rh8 60. Rd7 Rg8 61. Rd1 Rg7+ 62. Rd7 Rg8 63. Re7 Rh8 64. Re6 Rg8 65.
Rd6 Rh8 66. Rd8 Rh7+ 67. Rd7 Rh8 68. Re7 Rg8 69. Re6 Rh8 70. Re2 Rh7+ 71. Kd6
Rh6+ 72. Kd7 Rh7+ 73. Re7 Rh8 74. Re2 Rh7+ 75. Kd6 Rh6+ 76. Re6 Rh8 77. Kc7 Rg8
78. Kd7 Rh8 79. Re8 Rh7+ 80. Kd6 Rh6+ 81. Kd7 Rh7+ 82. Kd8 Kb6 83. Re6 Rc7
1/2-1/2

[Event "Manhem Chessweek IM"]
[Site "www.ssmanhem.se"]
[Date "2013.08.16"]
[Round "9"]
[White "Ziegler, Ari"]
[Black "Kumar, Rahul"]
[Result "1-0"]
[WhiteElo "2346"]
[BlackElo "2194"]
[PlyCount "59"]
[EventDate "2013.08.10"]

1. d4 Nf6 2. c4 e6 3. Nc3 Bb4 4. e3 O-O 5. Bd3 d5 6. cxd5 exd5 7. Nge2 Re8 8.
O-O Nbd7 9. Qb3 Bxc3 10. bxc3 Nb6 11. a4 c5 12. dxc5 Nbd7 13. Ba3 Ne5 14. Bb5
Bd7 15. Rad1 a6 16. Bxd7 Qxd7 17. Nf4 Rad8 18. Nxd5 Nxd5 19. c4 Nxc4 20. Qxc4
Nxe3 21. fxe3 Qxd1 22. Qxf7+ Kh8 23. Rxd1 Rxd1+ 24. Kf2 Rd2+ 25. Ke1 Rdd8 26.
Ke2 Rb8 27. Bb2 Rg8 28. h4 h6 29. Qg6 Ra8 30. Qxh6# 1-0

[Event "Manhem Chessweek IM"]
[Site "www.ssmanhem.se"]
[Date "2013.08.16"]
[Round "9"]
[White "Zelbel, Patrick"]
[Black "Berggren Torell, Harald"]
[Result "1-0"]
[WhiteElo "2393"]
[BlackElo "2114"]
[PlyCount "71"]
[EventDate "2013.08.10"]

1. e4 d6 2. d4 Nf6 3. Nc3 g6 4. Be3 Bg7 5. Qd2 a6 6. a4 b6 7. h3 O-O 8. Nf3 Bb7
9. Bd3 e6 10. O-O Nbd7 11. Rad1 Re8 12. Bg5 Qc8 13. Rfe1 c5 14. dxc5 Nxc5 15.
Qf4 e5 16. Qh4 Nh5 17. Bc4 Ne6 18. Bb3 Qc7 19. Nd5 Bxd5 20. Bxd5 Rac8 21. c3 h6
22. Be3 Bf6 23. Qg4 Nhf4 24. Bxe6 Nxe6 25. Bxh6 Nc5 26. h4 Kh7 27. Bg5 Bg7 28.
h5 Nxa4 29. Bc1 Bf6 30. hxg6+ fxg6 31. Qh3+ Kg7 32. Qh6+ Kf7 33. Qh7+ Bg7 34.
Bh6 Kf6 35. Bxg7+ Qxg7 36. Rxd6+ 1-0